Quotes that Inspire You: (Record no. 177243)

MARC details
000 -LEADER
fixed length control field 00605nam a22001817a 4500
005 - DATE AND TIME OF LATEST TRANSACTION
control field 20210216110832.0
010 ## - LCCN (DPL NO)
LC control number ENG-128987
020 ## - INTERNATIONAL STANDARD BOOK NUMBER
Terms of availability 250.00
International Standard Book Number 978-81-938193-2-6
035 ## - SYSTEM CONTROL NUMBER
System control number EN-112519
037 ## - SOURCE OF ACQUISITION
Source of stock number/acquisition DBAD/PUB
082 ## - DEWEY DECIMAL CLASSIFICATION NUMBER
Classification number 808.88
245 ## - TITLE STATEMENT
Title Quotes that Inspire You:
Remainder of title Indian Personalities
260 ## - PUBLICATION, DISTRIBUTION, ETC. (IMPRINT)
Place of publication, distribution, etc Delhi
Name of publisher, distributor, etc Universal Press
Date of publication, distribution, etc 2020
270 ## - ADDRESS
City Delhi
Address B-109, 3rd Floor, Preet Vihar
Postal code 110092
Electronic mail address universalpressdel@gmail.com
300 ## - PHYSICAL DESCRIPTION
Extent 96p.
Dimensions 22cm(hbk)
500 ## - GENERAL NOTE
General note Compiler and Editor: Saurabh Kaushik<br/>Cover Design By: Surendra Goswami
942 ## - ADDED ENTRY ELEMENTS (KOHA)
Source of classification or shelving scheme Dewey Decimal Classification
Item type English Books
Classification part 808.88
Call number suffix QUO
Holdings
Withdrawn status Lost status Not for loan Collection code Home library Current library Date acquired Source of acquisition Cost, normal purchase price Full call number Barcode Copy number Cost, replacement price Koha item type
      Non-fiction Ashok Vihar Ashok Vihar 15/02/2021 DBAD/PUB 250.00 808.88 QUO EN-112519 1 250.00 English Books

© Delhi Public Library
Hit Counter
free hit counter